Statistiken für Abkürzungen in der deutschen Sprache

Klicken Sie hier um das Quiz zu spielen!

Allgemein

  • Dieses Quiz wurde 585 mal gespielt
  • Das Durchschnittsergebnis liegt bei 14 aus 20

Antwortstatistiken

AbkürzungAntwort% Korrekt
bzw.beziehungsweise
100%
jmd.jemand
99%
usw.und so weiter
99%
allg.allgemein
98%
eigtl.eigentlich
98%
urspr.ursprünglich
98%
u. a.und anderes / unter anderem
97%
o. Ä.oder Ähnliche / oder Ähnliches
91%
Abb.Abbildung
89%
geb.geboren
89%
ugs.umgangssprachlich
74%
gegr.gegründet
68%
u. dgl.und dergleichen
62%
bez.bezahlt / bezüglich
59%
bes.besonders
49%
Ggs.Gegensatz
36%
i. w. S.im weiteren Sinne
25%
Abh.Abhandlung
24%
i. e. S.im engeren Sinne
18%
a. a. O.am angeführten / am angegebenen Ort
5%

Verteilung der Resultate

Perzentil nach korrekt beantworteten Fragen

Anzahl Personen mit jedem Resultat

Ihre Resultats-Entwicklung

Sie haben dieses Quiz noch nicht gespielt